| 000 | 00422nam a2200145Ia 4500 | ||
|---|---|---|---|
| 999 |
_c49313 _d49313 |
||
| 003 | GCL | ||
| 005 | 20240530104627.0 | ||
| 008 | 140319s9999 xx 000 0 ara d | ||
| 040 |
_aGCL / _cGCL |
||
| 082 | 0 | 4 |
_a808.8 _bر ق |
| 100 | 1 | _aلمى الهبل | |
| 245 | 1 | 0 |
_aقصص قصيرة ودراسات تحليلية / _cلمى الهبل |
| 490 |
_aالهيئة العامة للاستعلامات _v0 |
||
| 942 |
_2ddc _cBK |
||